000 00313nam a22001337a 4500
008 171023b xxu||||| |||| 00| 0 eng d
020 _a9780312089467
041 _aeng
080 _a311
100 _a55
101 _aSTA
245 _aTHE ELEMENTARY FORMS OF STATISTICAL REASON
_cCUZZORT,R.P
942 _2udc
_cBK
999 _c35583
_d35583